[Event "Bodenmais op"]
[Site "Bodenmais"]
[Date "2022.08.02"]
[Round "4"]
[White "Geigle, Bruno"]
[Black "Krasnopeyeva, Julia"]
[Result "1/2-1/2"]
[WhiteElo "2023"]
[BlackElo "1905"]
[PlyCount "47"]
[EventDate "2022.07.30"]
[EventType "swiss"]
[EventRounds "9"]
[EventCountry "GER"]
[SourceTitle "CBM 209 Extra"]
[Source "ChessBase"]
[SourceDate "2022.09.30"]
[SourceVersion "1"]
[SourceVersionDate "2022.09.30"]
[SourceQuality "1"]

1. e4 c5 2. Nf3 e6 3. d4 cxd4 4. Nxd4 a6 5. Nc3 Qc7 6. Bd3 Bc5 7. Nb3 Ba7 8. Qe2 Ne7 9. Be3 d6 10. 0-0-0 b5 11. Bxb5+ axb5 12. Nxb5 Bxe3+ 13. Qxe3 Qc6 14. Nxd6+ Kf8 15. Nxc8 Qxc8 16. a3 f6 17. Rd3 Kf7 18. Rc3 Nbc6 19. g4 Rb8 20. f4 h6 21. Rf1 f5 22. exf5 exf5 23. Re1 Qd8 24. Kb1 1/2-1/2

[Event "Bodenmais op"]
[Site "Bodenmais"]
[Date "2022.07.31"]
[Round "2"]
[White "Franz, Karsten"]
[Black "Krasnopeyeva, Julia"]
[Result "1/2-1/2"]
[WhiteElo "2213"]
[BlackElo "1905"]
[PlyCount "70"]
[EventDate "2022.07.30"]
[EventType "swiss"]
[EventRounds "9"]
[EventCountry "GER"]
[SourceTitle "CBM 209 Extra"]
[Source "ChessBase"]
[SourceDate "2022.09.30"]
[SourceVersion "1"]
[SourceVersionDate "2022.09.30"]
[SourceQuality "1"]

1. e4 c5 2. Nf3 e6 3. d3 d5 4. Nbd2 Nc6 5. g3 Nf6 6. Bg2 g6 7. 0-0 Bg7 8. c3 0-0 9. Re1 Nd7 10. Qe2 Qc7 11. h4 b5 12. Nf1 d4 13. e5 Bb7 14. Bf4 Nb6 15. Rac1 Qd7 16. Ng5 Rad8 17. Ne4 c4 18. Nc5 Qe7 19. Nxb7 Qxb7 20. Qe4 Rd5 21. cxd4 Qc8 22. dxc4 bxc4 23. Ne3 Nb4 24. Nxc4 Nxc4 25. b3 Nxa2 26. Rxc4 Qb8 27. Qe2 Ra5 28. Bd2 Ra3 29. b4 Rc8 30. d5 exd5 31. Bxd5 Re8 32. Bf4 Ra6 33. Rc6 Qxb4 34. Bxa2 Rxa2 35. Qd1 Rb2 1/2-1/2

[Event "GER-chT Federal Cup (Women)"]
[Site "Braunfels"]
[Date "2018.06.03"]
[Round "5.1"]
[White "Glinzner, Alva"]
[Black "Krasnopeyeva, Julia"]
[Result "1-0"]
[WhiteElo "1612"]
[BlackElo "1888"]
[PlyCount "109"]
[EventDate "2018.05.31"]
[EventType "team-swiss"]
[EventRounds "5"]
[EventCountry "GER"]
[SourceTitle "EXT 2020"]
[Source "ChessBase"]
[SourceDate "2019.10.17"]
[SourceVersion "1"]
[SourceVersionDate "2019.10.17"]
[SourceQuality "1"]
[WhiteTeam "Schleswig Holstein (W)"]
[BlackTeam "Rheinland Pfalz (W)"]
[WhiteTeamCountry "GER"]
[BlackTeamCountry "GER"]

1. e4 c5 2. Nf3 e6 3. d4 cxd4 4. Nxd4 a6 5. Nc3 Qc7 6. g3 b5 7. a3 Bb7 8. Bg2 Nf6 9. 0-0 Nc6 10. Re1 Nxd4 11. Qxd4 Bc5 12. Qd1 0-0-0 13. Be3 d6 14. Rc1 h5 15. h3 Nd7 16. Na2 Ne5 17. Nb4 Nc4 18. Bd4 Qb6 19. Bxc5 dxc5 20. Nd3 Nxb2 21. Qf3 Na4 22. c4 f5 23. Qe3 Rxd3 24. Qxd3 Nb2 25. Qb3 Na4 26. Rb1 Qc6 27. cxb5 axb5 28. Qxb5 Nc3 29. Qxb7+ Qxb7 30. Rxb7 Kxb7 31. exf5+ Kb6 32. fxe6 Re8 33. f4 g6 34. g4 hxg4 35. hxg4 Kc7 36. f5 gxf5 37. gxf5 Kd6 38. Kf2 Ke7 39. Rc1 Nb5 40. a4 Nd6 41. Rxc5 Kf6 42. Rc7 Nxf5 43. Bd5 Ne7 44. Bc4 Ra8 45. Bb3 Rb8 46. Rc3 Ke5 47. Rd3 Ra8 48. Ke2 Kf6 49. Ke3 Ng6 50. Ke4 Ra6 51. Rf3+ Ke7 52. Rf7+ Ke8 53. Kf5 Nf8 54. Bc4 Nxe6 55. Bxa6 1-0

[Event "GER-chT Federal Cup (Women)"]
[Site "Braunfels"]
[Date "2018.06.01"]
[Round "2.1"]
[White "Krasnopeyeva, Julia"]
[Black "Zimmer, Elke"]
[Result "1-0"]
[WhiteElo "1888"]
[BlackElo "1957"]
[PlyCount "125"]
[EventDate "2018.05.31"]
[EventType "team-swiss"]
[EventRounds "5"]
[EventCountry "GER"]
[SourceTitle "EXT 2020"]
[Source "ChessBase"]
[SourceDate "2019.10.17"]
[SourceVersion "1"]
[SourceVersionDate "2019.10.17"]
[SourceQuality "1"]
[WhiteTeam "Rheinland Pfalz (W)"]
[BlackTeam "Saarland SG (W)"]
[WhiteTeamCountry "GER"]
[BlackTeamCountry "GER"]

1. e4 e5 2. Nf3 Nc6 3. Bb5 Nf6 4. d3 a6 5. Ba4 b5 6. Bb3 Bb4+ 7. c3 Ba5 8. 0-0 d6 9. Re1 Bg4 10. h3 Bh5 11. Nbd2 Ne7 12. Nf1 c6 13. Ng3 Bg6 14. Nh4 Qd7 15. Bc2 Bb6 16. Bg5 Qa7 17. Qf3 Nfg8 18. Ngf5 Bxf5 19. Nxf5 Nxf5 20. Qxf5 Ne7 21. Qf3 h6 22. Be3 Ng6 23. Bb3 Bxe3 24. fxe3 0-0 25. Qg3 Kh7 26. Rf1 a5 27. a4 Rab8 28. Rf2 bxa4 29. Bc4 Rb7 30. Rxa4 c5 31. Bd5 Rb6 32. Ra1 Ra6 33. Bc4 Rc6 34. Qf3 Nh8 35. Qf5+ Kg8 36. Qg4 Qc7 37. Rf5 Rb6 38. b3 Rb7 39. Raf1 Qd7 40. Qg3 a4 41. bxa4 Qxa4 42. Rf6 Kh7 43. Rxd6 Qc2 44. Qxe5 Rb2 45. Qg3 Qxc3 46. e5 Re8 47. e6 fxe6 48. Bxe6 Qd2 49. Bf5+ Kg8 50. Be4 Qe2 51. Rxh6 Rxe4 52. dxe4 Rb3 53. Rc6 Qxe3+ 54. Qxe3 Rxe3 55. Rf4 c4 56. Rxc4 Ng6 57. Rf5 Ne7 58. Rf3 Re2 59. Kf1 Ra2 60. Rc7 Ng6 61. Rff7 Ne5 62. Rxg7+ Kf8 63. Rh7 1-0

[Event "BL2 Sued 1718 (Women)"]
[Site "Germany"]
[Date "2017.12.17"]
[Round "3.4"]
[White "Dellert, Lena"]
[Black "Krasnopeyeva, Julia"]
[Result "1-0"]
[WhiteElo "1851"]
[BlackElo "1912"]
[PlyCount "93"]
[EventDate "2017.10.14"]
[EventType "team-tourn"]
[EventRounds "7"]
[EventCountry "GER"]
[SourceTitle "EXT 2019"]
[Source "ChessBase"]
[SourceDate "2018.10.10"]
[SourceVersion "1"]
[SourceVersionDate "2018.10.10"]
[SourceQuality "1"]
[WhiteTeam "Wadgassen/Differten (W)"]
[BlackTeam "Mainz Schott (W)"]
[WhiteTeamCountry "GER"]
[BlackTeamCountry "GER"]

1. e4 c5 2. Nf3 e6 3. d4 cxd4 4. Nxd4 a6 5. c4 b6 6. Nc3 Bb7 7. Bd3 Nc6 8. Nxc6 dxc6 9. Be3 c5 10. Qa4+ Qd7 11. Rd1 Bc6 12. Qb3 Qb7 13. 0-0 Nf6 14. f3 Be7 15. Na4 Nd7 16. Rf2 0-0 17. Rfd2 Bd8 18. Nc3 Bc7 19. Be2 Bb8 20. g3 Be5 21. f4 Bxc3 22. bxc3 e5 23. Rxd7 Bxd7 24. Bxc5 Qxe4 25. Bd3 Qc6 26. Bxf8 Rxf8 27. Qc2 Qc5+ 28. Qf2 Qxf2+ 29. Kxf2 Bg4 30. Rb1 exf4 31. Rxb6 Ra8 32. gxf4 g6 33. c5 a5 34. c6 Be6 35. c7 Rc8 36. Rb8 Kg7 37. Rxc8 Bxc8 38. Ke3 Kf6 39. Kd4 h5 40. h4 Ke7 41. Kc5 Kd7 42. Kb6 Kd6 43. Be4 a4 44. a3 Ke6 45. c4 Kd6 46. c5+ Ke6 47. Bb7 1-0

[Event "BL2 Sued 1718 (Women)"]
[Site "Germany"]
[Date "2017.10.15"]
[Round "2.4"]
[White "Krasnopeyeva, Julia"]
[Black "Ley, Sabrina"]
[Result "1-0"]
[WhiteElo "1912"]
[BlackElo "1965"]
[PlyCount "149"]
[EventDate "2017.10.14"]
[EventType "team-tourn"]
[EventRounds "7"]
[EventCountry "GER"]
[SourceTitle "EXT 2019"]
[Source "ChessBase"]
[SourceDate "2018.10.10"]
[SourceVersion "1"]
[SourceVersionDate "2018.10.10"]
[SourceQuality "1"]
[WhiteTeam "Mainz Schott (W)"]
[BlackTeam "Stuttgart Wolfbusch (W)"]
[WhiteTeamCountry "GER"]
[BlackTeamCountry "GER"]

1. e4 c5 2. Nf3 d6 3. d4 cxd4 4. Nxd4 Nf6 5. Nc3 a6 6. Be3 e5 7. Nb3 Be6 8. f3 h5 9. Qd2 Nbd7 10. 0-0-0 b5 11. Kb1 Nb6 12. Qf2 Rb8 13. f4 Nc4 14. Bc1 Ng4 15. Qe1 Qb6 16. f5 Bd7 17. Nd5 Qa7 18. Bxc4 bxc4 19. Na5 Qc5 20. h3 Nf6 21. Be3 Qc8 22. Nxf6+ gxf6 23. Qc3 Bb5 24. a4 Bxa4 25. Qxc4 Qxc4 26. Nxc4 Rd8 27. Nb6 Bc6 28. Nd5 Be7 29. Rhe1 Rg8 30. Re2 Rb8 31. b3 Rc8 32. Kb2 Bb5 33. c4 Bc6 34. Kc3 Kf8 35. Bc1 Rb8 36. Ba3 Rg3+ 37. Re3 Rxe3+ 38. Nxe3 Bxe4 39. Bxd6 Rd8 40. Bxe7+ Kxe7 41. Rxd8 Kxd8 42. Kb4 h4 43. Ka5 Bb7 44. Kb6 Kc8 45. c5 Kb8 46. c6 Bc8 47. c7+ Ka8 48. Nd5 e4 49. Ne3 a5 50. Kc6 Ka7 51. Kd5 Kb6 52. Kxe4 Kxc7 53. Kf4 Kc6 54. Kg4 Kc5 55. Kxh4 Kd4 56. Nc4 Bxf5 57. Nxa5 Kc3 58. Nc4 Kxb3 59. Ne3 Be4 60. Kg4 Kc3 61. Kf4 Kd4 62. g3 Bh7 63. Ng4 f5 64. Nf6 Bg6 65. h4 Kc5 66. h5 Kd6 67. hxg6 fxg6 68. Nh7 Ke6 69. Ng5+ Kf6 70. Nf3 Kg7 71. Kg5 Kf7 72. Ne5+ Ke7 73. Nxg6+ Ke6 74. Kf4 Kf6 75. Nh4 1-0

[Event "BL2 Sued 1617 (Women)"]
[Site "Germany"]
[Date "2017.03.26"]
[Round "6.5"]
[White "Lobzhanidze, Anna Luise"]
[Black "Krasnopeyeva, Julia"]
[Result "1-0"]
[WhiteElo "1923"]
[BlackElo "1884"]
[PlyCount "51"]
[EventDate "2016.10.22"]
[EventType "team-tourn"]
[EventRounds "7"]
[EventCountry "GER"]
[SourceTitle "EXT 2018"]
[Source "ChessBase"]
[SourceDate "2017.10.13"]
[SourceVersion "1"]
[SourceVersionDate "2017.10.13"]
[SourceQuality "1"]
[WhiteTeam "Hofheim (W)"]
[BlackTeam "Schott Mainz (W)"]
[WhiteTeamCountry "GER"]
[BlackTeamCountry "GER"]

1. e4 c5 2. d3 Nc6 3. g3 g6 4. Bg2 Bg7 5. f4 e6 6. Nf3 d6 7. 0-0 Nge7 8. c3 0-0 9. Be3 f5 10. Na3 Rb8 11. e5 b6 12. d4 dxe5 13. dxe5 h6 14. Qe2 Nd5 15. Rad1 Qe7 16. Bc1 Rd8 17. Nc2 b5 18. Ne3 Nc7 19. Nh4 g5 20. Ng6 Qf7 21. Bxc6 Rxd1 22. Qxd1 Kh7 23. Qd8 Kxg6 24. Rd1 Bf8 25. Bd7 Bxd7 26. Qxc7 1-0

[Event "BL2 Sued 1617 (Women)"]
[Site "Germany"]
[Date "2017.02.12"]
[Round "5.4"]
[White "Krasnopeyeva, Julia"]
[Black "Thiery, Jennifer"]
[Result "1-0"]
[WhiteElo "1884"]
[BlackElo "1870"]
[PlyCount "47"]
[EventDate "2016.10.22"]
[EventType "team-tourn"]
[EventRounds "7"]
[EventCountry "GER"]
[SourceTitle "EXT 2018"]
[Source "ChessBase"]
[SourceDate "2017.10.13"]
[SourceVersion "1"]
[SourceVersionDate "2017.10.13"]
[SourceQuality "1"]
[WhiteTeam "Schott Mainz (W)"]
[BlackTeam "Wadgassen/Differten (W)"]
[WhiteTeamCountry "GER"]
[BlackTeamCountry "GER"]

1. e4 c5 2. Nf3 Nc6 3. d4 cxd4 4. Nxd4 g6 5. Nc3 Bg7 6. Be3 Nf6 7. Bc4 0-0 8. Bb3 d6 9. f3 Bd7 10. Qd2 Rc8 11. 0-0-0 Ne5 12. Kb1 Nc4 13. Bxc4 Rxc4 14. b3 Rc8 15. g4 a6 16. h4 h5 17. Nd5 hxg4 18. h5 Nxh5 19. Bh6 e5 20. Nf5 Bxf5 21. exf5 Nf4 22. Bxg7 Kxg7 23. f6+ Kg8 24. Ne7+ 1-0

[Event "BL2 Sued 1516 (Women)"]
[Site "Germany"]
[Date "2016.02.27"]
[Round "6.5"]
[White "Krasnopeyeva, Julia"]
[Black "Lobzhanidze, Anna Luise"]
[Result "0-1"]
[WhiteElo "1873"]
[BlackElo "1924"]
[PlyCount "126"]
[EventDate "2015.09.26"]
[EventType "team-tourn"]
[EventRounds "7"]
[EventCountry "GER"]
[SourceTitle "EXT 2017"]
[Source "ChessBase"]
[SourceDate "2016.10.25"]
[SourceVersion "1"]
[SourceVersionDate "2016.10.25"]
[SourceQuality "1"]
[WhiteTeam "Mainz Schott (W)"]
[BlackTeam "Hofheim (W)"]
[WhiteTeamCountry "GER"]
[BlackTeamCountry "GER"]

1. e4 e5 2. Nf3 Nc6 3. Bb5 Bc5 4. 0-0 Nd4 5. Nxd4 Bxd4 6. c3 Bb6 7. Qh5 Qf6 8. d3 g6 9. Qe2 c6 10. Bc4 d6 11. Bb3 h5 12. a4 Bg4 13. Qe1 Ne7 14. a5 Bc7 15. f4 Be6 16. Bc2 Qg7 17. fxe5 dxe5 18. Bg5 f5 19. Qh4 Rf8 20. Nd2 Rf7 21. b4 0-0-0 22. Be3 a6 23. Nf3 f4 24. Bc5 g5 25. Qxg5 Rg8 26. Qxg7 Rfxg7 27. Rf2 Bh3 28. Ne1 Bxg2 29. Nxg2 f3 30. Bb3 Rxg2+ 31. Rxg2 Rxg2+ 32. Kh1 Ng6 33. Rg1 Nf4 34. Rxg2 fxg2+ 35. Kg1 Nxd3 36. Be6+ Kd8 37. Be3 Nf4 38. Bxf4 exf4 39. Kxg2 Be5 40. Kf3 Bxc3 41. Kxf4 Bxb4 42. Kg5 Bxa5 43. Kxh5 Bc3 44. Kg5 b5 45. h4 Ke7 46. Kf5 Bh8 47. e5 a5 48. Bb3 a4 49. Bd1 c5 50. Ke4 a3 51. Bb3 c4 52. Ba2 Ke6 53. Kd4 Bxe5+ 54. Kc5 Kf6 55. Kb4 Bd6+ 56. Kc3 Kg6 57. Bb1+ Kh5 58. Ba2 Kxh4 59. Kc2 Kg4 60. Kc3 Kf4 61. Kc2 Ke5 62. Kc3 Kd5 63. Kc2 b4 0-1

[Event "BL2 Sued 1516 (Women)"]
[Site "Germany"]
[Date "2015.12.05"]
[Round "3.5"]
[White "Schott, Elisabeth"]
[Black "Krasnopeyeva, Julia"]
[Result "0-1"]
[WhiteElo "1565"]
[BlackElo "1873"]
[PlyCount "76"]
[EventDate "2015.09.26"]
[EventType "team-tourn"]
[EventRounds "7"]
[EventCountry "GER"]
[SourceTitle "EXT 2017"]
[Source "ChessBase"]
[SourceDate "2016.10.25"]
[SourceVersion "1"]
[SourceVersionDate "2016.10.25"]
[SourceQuality "1"]
[WhiteTeam "Zeulenroda (W)"]
[BlackTeam "Mainz Schott (W)"]
[WhiteTeamCountry "GER"]
[BlackTeamCountry "GER"]

1. Nf3 Nf6 2. c4 g6 3. Nc3 Bg7 4. e4 d6 5. d4 0-0 6. Be2 e5 7. 0-0 Nc6 8. d5 Ne7 9. b4 a5 10. Ba3 b6 11. bxa5 Rxa5 12. Bb4 Ra8 13. a4 Ne8 14. Nb5 f5 15. Nd2 c5 16. dxc6 Nxc6 17. Bc3 Bb7 18. exf5 gxf5 19. Nf3 Kh8 20. Qd2 Rf6 21. Ng5 Qe7 22. Nf3 Rg6 23. Ra2 Na5 24. Bxa5 Rxa5 25. Rb1 e4 26. Ne1 Qe5 27. Bh5 Rh6 28. Bxe8 Qxh2+ 29. Kf1 Ra8 30. Bf7 e3 31. Qxe3 Bxg2+ 32. Ke2 Qg1 33. Nd4 Rh3 34. Qf4 Be5 35. Qxf5 Bxd4 36. Rxb6 Qf1+ 37. Kd2 Bc3+ 38. Kc2 Qxe1 0-1

[Event "BL2 Sued 1516 (Women)"]
[Site "Germany"]
[Date "2015.09.27"]
[Round "2.5"]
[White "Krasnopeyeva, Julia"]
[Black "Lorenz, Oda"]
[Result "1-0"]
[WhiteElo "1873"]
[BlackElo "1813"]
[PlyCount "117"]
[EventDate "2015.09.26"]
[EventType "team-tourn"]
[EventRounds "7"]
[EventCountry "GER"]
[SourceTitle "EXT 2017"]
[Source "ChessBase"]
[SourceDate "2016.10.25"]
[SourceVersion "1"]
[SourceVersionDate "2016.10.25"]
[SourceQuality "1"]
[WhiteTeam "Mainz Schott (W)"]
[BlackTeam "Augsburg (W)"]
[WhiteTeamCountry "GER"]
[BlackTeamCountry "GER"]

1. e4 e5 2. Nf3 Nc6 3. Bb5 a6 4. Ba4 Nf6 5. d3 b5 6. Bb3 Be7 7. 0-0 0-0 8. Re1 d6 9. c3 Na5 10. Bc2 c5 11. Nbd2 Nc6 12. Nf1 Bg4 13. h3 Bd7 14. Ne3 b4 15. Nh2 a5 16. Nhg4 Nxg4 17. hxg4 Bh4 18. g3 Bg5 19. Kg2 Ne7 20. Rh1 Be6 21. Rh5 Ng6 22. f3 bxc3 23. bxc3 Rb8 24. Qh1 Bxe3 25. Bxe3 Rb2 26. Qc1 Qb6 27. c4 Rb8 28. Kf1 Qb4 29. Bb3 Qa3 30. Qd1 a4 31. Bxa4 Bxc4 32. Bc1 Qxd3+ 33. Qxd3 Bxd3+ 34. Ke1 Rg2 35. Bd1 Rb1 36. Rxb1 Bxb1 37. a4 Ra2 38. Bb3 Ne7 39. Bxa2 Bxa2 40. Rh2 Bc4 41. Rb2 f6 42. Rb6 d5 43. exd5 Bxd5 44. Kf2 Kf7 45. a5 Nc6 46. Bd2 Nd4 47. f4 c4 48. a6 Nb3 49. Bb4 Nc1 50. Ke3 Na2 51. Kd2 e4 52. a7 g6 53. Rb5 Ba8 54. Rb8 Bd5 55. Ba5 e3+ 56. Kxe3 c3 57. Bxc3 Nxc3 58. Kd4 Nb5+ 59. Rxb5 1-0

[Event "Arber op (Women) 3rd"]
[Site "Bayerisch Eisenstein"]
[Date "2015.08.04"]
[Round "4"]
[White "Just, Anita"]
[Black "Krasnopeyeva, Julia"]
[Result "1-0"]
[WhiteElo "1968"]
[BlackElo "1887"]
[PlyCount "43"]
[EventDate "2015.08.01"]
[EventType "swiss"]
[EventRounds "9"]
[EventCountry "GER"]
[SourceTitle "EXT 2016"]
[Source "ChessBase"]
[SourceDate "2015.10.08"]
[SourceVersion "1"]
[SourceVersionDate "2015.10.08"]
[SourceQuality "1"]

1. e4 c5 2. Nf3 e6 3. d4 cxd4 4. Nxd4 a6 5. Nc3 Qc7 6. Bd3 Nf6 7. 0-0 Bc5 8. Nb3 Be7 9. Be3 d6 10. Qe2 Nbd7 11. f4 b5 12. g4 b4 13. Nd1 Bb7 14. Nf2 d5 15. e5 Ne4 16. Bxe4 dxe4 17. Rad1 Bd5 18. Rd4 Bc5 19. Nxc5 Nxc5 20. Rxb4 0-0 21. c4 Bb7 22. Bxc5 1-0

[Event "GER-chT Federal Cup (Women)"]
[Site "Braunfels"]
[Date "2015.06.07"]
[Round "5.2"]
[White "Krasnopeyeva, Julia"]
[Black "Gheng, Simona"]
[Result "0-1"]
[WhiteElo "1896"]
[BlackElo "2021"]
[PlyCount "84"]
[EventDate "2015.06.04"]
[EventType "team-swiss"]
[EventRounds "5"]
[EventCountry "GER"]
[SourceTitle "CBM 167 Extra"]
[Source "ChessBase"]
[SourceDate "2015.09.14"]
[SourceVersion "1"]
[SourceVersionDate "2015.09.14"]
[SourceQuality "1"]
[WhiteTeam "Rheinland Pfalz (W)"]
[BlackTeam "Wuerttemberg (W)"]
[WhiteTeamCountry "GER"]
[BlackTeamCountry "GER"]

1. e4 c5 2. Nf3 d6 3. d4 cxd4 4. Nxd4 Nf6 5. Nc3 Nc6 6. Be3 g6 7. Qd2 Bg7 8. f3 0-0 9. Bc4 Bd7 10. Bb3 a6 11. 0-0-0 b5 12. h4 h5 13. g4 Ne5 14. Nd5 hxg4 15. Nxf6+ Bxf6 16. h5 Nc4 17. Bxc4 bxc4 18. hxg6 fxg6 19. fxg4 Rb8 20. c3 Qa5 21. a3 Qe5 22. g5 Bg7 23. Rh4 Qg3 24. Rdh1 Bg4 25. Nc6 Rbe8 26. Nb4 Rf3 27. Nd5 e6 28. Bf4 Rf1+ 29. Rxf1 Qxh4 30. Nc7 Rf8 31. Rg1 Bh5 32. Nxe6 Rf7 33. Qxd6 Qf2 34. Rh1 Qf3 35. Rxh5 gxh5 36. g6 Qf1+ 37. Kc2 Qg2+ 38. Kd1 Qxg6 39. Qd8+ Bf8 40. Qd5 Be7 41. Qxc4 h4 42. Nc7 Qg4+ 0-1

[Event "GER-chT Federal Cup (Women)"]
[Site "Braunfels"]
[Date "2015.06.05"]
[Round "3.2"]
[White "Leib, Britta"]
[Black "Krasnopeyeva, Julia"]
[Result "1/2-1/2"]
[WhiteElo "1787"]
[BlackElo "1896"]
[PlyCount "51"]
[EventDate "2015.06.04"]
[EventType "team-swiss"]
[EventRounds "5"]
[EventCountry "GER"]
[SourceTitle "CBM 167 Extra"]
[Source "ChessBase"]
[SourceDate "2015.09.14"]
[SourceVersion "1"]
[SourceVersionDate "2015.09.14"]
[SourceQuality "1"]
[WhiteTeam "Schleswig Holstein (W)"]
[BlackTeam "Rheinland Pfalz (W)"]
[WhiteTeamCountry "GER"]
[BlackTeamCountry "GER"]

1. e4 c5 2. Nc3 Nc6 3. g3 g6 4. d3 Bg7 5. Be3 d6 6. Bg2 e6 7. Qd2 Rb8 8. Nge2 Nd4 9. Nd1 Nxe2 10. Qxe2 Ne7 11. 0-0 h5 12. f4 f5 13. e5 b6 14. exd6 Qxd6 15. c3 Ba6 16. Nf2 Nd5 17. Rad1 Kf7 18. Bc1 Rhe8 19. Rfe1 Rbd8 20. Qc2 Qc7 21. Nh3 Bf6 22. a3 Bc8 23. Qf2 Rd6 24. Bf3 Qd8 25. Qg2 Nc7 26. Qc2 1/2-1/2

[Event "BL2 Sued 1415 (Women)"]
[Site "Germany"]
[Date "2014.11.29"]
[Round "3.6"]
[White "Muench, Ursula"]
[Black "Krasnopeyeva, Julia"]
[Result "0-1"]
[WhiteElo "1842"]
[BlackElo "1877"]
[PlyCount "134"]
[EventDate "2014.09.27"]
[EventType "team-tourn"]
[EventRounds "7"]
[EventCountry "GER"]
[SourceTitle "CBM 166 Extra"]
[Source "ChessBase"]
[SourceDate "2015.06.18"]
[SourceVersion "1"]
[SourceVersionDate "2015.06.18"]
[SourceQuality "1"]
[WhiteTeam "Augsburg (W)"]
[BlackTeam "Mainz Schott (W)"]
[WhiteTeamCountry "GER"]
[BlackTeamCountry "GER"]

1. Nf3 Nf6 2. g3 g6 3. Bg2 Bg7 4. 0-0 0-0 5. d3 d5 6. Nbd2 Bf5 7. Nh4 Be6 8. e4 c6 9. c3 Qd7 10. Nb3 Na6 11. e5 Ng4 12. d4 f6 13. f3 Nh6 14. f4 Bh3 15. Qe2 Bxg2 16. Kxg2 fxe5 17. dxe5 e6 18. Be3 Nf5 19. Nxf5 Rxf5 20. Bc5 Nxc5 21. Nxc5 Qe7 22. Nd3 c5 23. Qe3 c4 24. Nb4 g5 25. Nc2 gxf4 26. gxf4 Raf8 27. Nd4 Rh5 28. Qg3 Rh6 29. Kh1 Rg6 30. Qh3 Rh6 31. Qg3 Kh8 32. f5 exf5 33. Nxf5 Bxe5 34. Nxe7 Rxf1+ 35. Rxf1 Bxg3 36. Rf8+ Kg7 37. Rg8+ Kf7 38. Rxg3 Kxe7 39. Rg7+ Kf8 40. Rxb7 a6 41. Rd7 Rh5 42. Rd6 Re5 43. Kg1 Re2 44. Rb6 Kf7 45. h4 h5 46. a4 a5 47. Rb5 Ke6 48. Rxa5 Rxb2 49. Ra8 Ra2 50. Rh8 Rxa4 51. Rxh5 Ra3 52. Rg5 Rxc3 53. h5 Ra3 54. h6 Ra7 55. Rg6+ Kf5 56. Rg7 Ra6 57. h7 Rh6 58. Kf2 Ke4 59. Rg4+ Kd3 60. Rg3+ Kc2 61. Ke3 Rxh7 62. Kd4 Rh5 63. Rg2+ Kb3 64. Rg3+ Kb4 65. Rg1 Rh3 66. Rd1 Kb3 67. Rb1+ Kc2 0-1

[Event "GER-chT Federal Cup (Women)"]
[Site "Braunfels"]
[Date "2014.06.22"]
[Round "5.1"]
[White "Morosova, Svetlana"]
[Black "Krasnopeyeva, Julia"]
[Result "1-0"]
[WhiteElo "1531"]
[BlackElo "1837"]
[PlyCount "57"]
[EventDate "2014.06.19"]
[EventType "team-swiss"]
[EventRounds "5"]
[EventCountry "GER"]
[SourceTitle "EXT 2015"]
[Source "ChessBase"]
[SourceDate "2014.11.20"]
[SourceVersion "1"]
[SourceVersionDate "2014.11.20"]
[SourceQuality "1"]
[WhiteTeam "Mecklenburg Vorpommern (W)"]
[BlackTeam "Rheinland Pfalz (W)"]
[WhiteTeamCountry "GER"]
[BlackTeamCountry "GER"]

1. d4 Nf6 2. e3 g6 3. Bd3 Bg7 4. c3 0-0 5. Nd2 d6 6. e4 e5 7. d5 Nbd7 8. Ne2 Nc5 9. Bc2 Bh6 10. Ng3 Bf4 11. b4 Ncd7 12. Nf3 Re8 13. Ne2 Nb6 14. h3 c6 15. dxc6 bxc6 16. g3 Bxc1 17. Qxc1 d5 18. Qh6 Qe7 19. Ng5 d4 20. a3 Ba6 21. Bb3 Qf8 22. Bxf7+ Kh8 23. Qxf8+ Rxf8 24. Bb3 Ne8 25. cxd4 h6 26. Nf7+ Kg7 27. Nxe5 Nd6 28. Nc3 Rf6 29. f4 1-0

[Event "BL 1314 (Women)"]
[Site "Germany"]
[Date "2014.03.29"]
[Round "10.4"]
[White "Krasnopeyeva, Julia"]
[Black "Olsarova, Karolina"]
[Result "1/2-1/2"]
[WhiteElo "1918"]
[BlackElo "2276"]
[PlyCount "97"]
[EventDate "2013.10.04"]
[EventType "team-tourn"]
[EventRounds "11"]
[EventCountry "GER"]
[SourceTitle "EXT 2018"]
[Source "ChessBase"]
[SourceDate "2017.10.13"]
[SourceVersion "1"]
[SourceVersionDate "2017.10.13"]
[SourceQuality "1"]
[WhiteTeam "Schott Mainz (W)"]
[BlackTeam "Grosslehna (W)"]
[WhiteTeamCountry "GER"]
[BlackTeamCountry "GER"]

1. e4 e5 2. Nf3 Nc6 3. Bb5 Nf6 4. d3 Bc5 5. 0-0 d6 6. c3 0-0 7. h3 Bb6 8. Nbd2 Ne7 9. Nc4 c6 10. Nxb6 axb6 11. Bc4 Ng6 12. Nh2 d5 13. exd5 Nxd5 14. Ng4 Ndf4 15. Bxf4 Nxf4 16. Qf3 Qg5 17. Rfe1 Bxg4 18. hxg4 b5 19. Bb3 Rad8 20. Rad1 Rd6 21. Re4 Ng6 22. Qf5 Qd8 23. Re3 Qd7 24. Bc2 Rd8 25. Rde1 h6 26. Bb3 c5 27. Bc2 b6 28. Qe4 Qc6 29. Qxc6 Rxc6 30. Re4 Rcd6 31. g3 f6 32. Kg2 Kf8 33. R4e2 Ne7 34. f4 Nc6 35. Kf3 Ke7 36. Ke4 Kd7 37. g5 hxg5 38. fxg5 fxg5 39. Kf5 Rf8+ 40. Kxg5 Ne7 41. d4 cxd4 42. cxd4 e4 43. Bxe4 Rxd4 44. Bc2 Nc6 45. Rd1 Kd6 46. Red2 Ke5 47. Re2+ Kd6 48. Red2 Ke5 49. Re2+ 1/2-1/2